<?xml version="1.0" encoding="UTF-8"?><?xml-stylesheet type="text/xsl" href="static/style.xsl"?><OAI-PMH xmlns="http://www.openarchives.org/OAI/2.0/" xmlns:xsi="http://www.w3.org/2001/XMLSchema-instance" xsi:schemaLocation="http://www.openarchives.org/OAI/2.0/ http://www.openarchives.org/OAI/2.0/OAI-PMH.xsd"><responseDate>2026-06-03T14:01:25Z</responseDate><request verb="GetRecord" identifier="oai:riuma.uma.es:10630/25328" metadataPrefix="marc">https://riuma.uma.es/rest/oai/request</request><GetRecord><record><header><identifier>oai:riuma.uma.es:10630/25328</identifier><datestamp>2026-02-03T11:50:27Z</datestamp><setSpec>com_10630_2254</setSpec><setSpec>col_10630_37959</setSpec></header><metadata><record xmlns="http://www.loc.gov/MARC21/slim" xmlns:dcterms="http://purl.org/dc/terms/" xmlns:doc="http://www.lyncode.com/xoai" xmlns:xsi="http://www.w3.org/2001/XMLSchema-instance" xsi:schemaLocation="http://www.loc.gov/MARC21/slim http://www.loc.gov/standards/marcxml/schema/MARC21slim.xsd">
   <leader>00925njm 22002777a 4500</leader>
   <datafield ind2=" " ind1=" " tag="042">
      <subfield code="a">dc</subfield>
   </datafield>
   <datafield ind2=" " ind1=" " tag="720">
      <subfield code="a">Blanca Reyes, Irene Victoria</subfield>
      <subfield code="e">author</subfield>
   </datafield>
   <datafield ind2=" " ind1=" " tag="720">
      <subfield code="a">Cánovas-Ramos, Francisco Miguel</subfield>
      <subfield code="e">author</subfield>
   </datafield>
   <datafield ind2=" " ind1=" " tag="720">
      <subfield code="a">Ávila-Sáez, Concepción</subfield>
      <subfield code="e">author</subfield>
   </datafield>
   <datafield ind2=" " ind1=" " tag="720">
      <subfield code="a">Castro-Rodríguez, Vanessa Viviana</subfield>
      <subfield code="e">author</subfield>
   </datafield>
   <datafield ind2=" " ind1=" " tag="260">
      <subfield code="c">2022</subfield>
   </datafield>
   <datafield ind2=" " ind1=" " tag="520">
      <subfield code="a">El pinsapo (Abies pinsapo Boiss) es un árbol perteneciente a las coníferas, grupo que incluye especies de gran relevancia ecológica y económica. Actualmente, poco se conoce sobre su capacidad de resiliencia frente a los efectos del cambio climático, sin embargo, se sabe que las respuestas a nivel molecular ante un estrés ambiental involucran la expresión diferencial de numerosos genes en diferentes tipos celulares. El estudio de los mecanismos que rigen la adaptación y supervivencia de coníferas como el pinsapo se ha visto limitado por la falta de conocimientos básicos de sus genomas y por la baja disponibilidad de herramientas analíticas apropiadas. Recientemente, nuestro grupo ha conseguido el ensamblaje “de novo” del transcriptoma del pinsapo, proporcionando un amplio catálogo de genes (22.769) que se expresan en diferentes tejidos, de los cuales una elevada proporción (55%) son transcritos de longitud compleja (Ortigosa et al. 2022). Este recurso genómico ha permitido iniciar estudios de genómica funcional en esta especie para la caracterización de genes potencialmente implicados en la respuesta a estreses provocados por el cambio climático.&#xd;
En este trabajo se han realizado búsquedas de redes de genes involucrados en la respuesta al aumento de temperatura y el estrés hídrico. Entre los candidatos encontramos las proteínas LEA (late embryogenesis abundant) (Abdul et al. 2021), las deshidrinas (Sun et al. 2021) y las proteínas HSP (heat shock protein) (Jacob et al. 2017). Además, se han analizado los perfiles transcriptómicos de los genes de interés y se han establecido perfiles de expresión bajo diferentes condiciones ambientales. Esta información es de gran importancia para la sostenibilidad de ecosistemas naturales y forestales, y de relevancia ecológica para las montañas del sur de la península ibérica, vulnerables al impacto del cambio climático.</subfield>
   </datafield>
   <datafield ind1="8" ind2=" " tag="024">
      <subfield code="a">https://hdl.handle.net/10630/25328</subfield>
   </datafield>
   <datafield tag="653" ind2=" " ind1=" ">
      <subfield code="a">Abetos españoles</subfield>
   </datafield>
   <datafield tag="653" ind2=" " ind1=" ">
      <subfield code="a">Temperatura</subfield>
   </datafield>
   <datafield tag="653" ind2=" " ind1=" ">
      <subfield code="a">Plantas - Efectos del estrés</subfield>
   </datafield>
   <datafield ind2="0" ind1="0" tag="245">
      <subfield code="a">Bajo estrés: búsqueda de genes relacionados con la respuesta al aumento de la temperatura y déficit hídrico en Abies pinsapo Boiss</subfield>
   </datafield>
</record>
</metadata></record></GetRecord></OAI-PMH>